00173nam a2200085Ia 4500100000900000654001700009245003400026260001500060546001200075 a#N/A acompact disc aCompact Disc Vidio CD-Ice age b#N/Ac2003 aENGLISH